01040nam a2200241 i 4500001000700000003000900007005001700016007000300033008004100036100004700077245015600124250001500280260003900295300002200334490005700356650005900413650004400472700004400516830006500560852003200625999001900657952012200676146336ES-MaACL20250829130333.0t|070906s1972 sp ||||1| cat d1 aTosquelles, Francesc (d1912-1994)911110313aLa práctica del maternatge terapèutic en els deficients mentals profunds / cFrancesc Tosquelles ; [versió catalana de Ramón Folch i Camarasa]. a[1ª ed.]. aBarcelona : bNova Terra, c[1972] a260 p. ; c20 cm.1 aCol.lecció Nadal. Serie de Psicopedagogía ; v32 4aNiños con discapacidad mental-xEducación.9148837 7aPedagogía terapéutica2embne9159091 aFolch i Camarasa, Ramon, d1926-9514500 aCol.lecció Nadal. Serie de Psicopedagogía ; v329220832 aES-MaACLjC-51172 bR.82308 c146336d146336 00104070aATENEOMbATENEOMcDEPO2d2008-01-17eSCl0oC-51172p1152738r2023-02-23 00:00:00w2023-02-23yMONOGRAFIA